MARC

Tag First Indicator Second Indicator Subfields
LEADER 00000cam a2200000 a 4500
001 in00002012209
005 20190326102243.0
008 040730s2005 miua bd 001 0deng
010 |a  2004017988 
020 |a 0787668427 (hardcover : alk. paper) 
035 |a (OCoLC)ocm56730869 
040 |a DLC  |c DLC  |d XLM  |d C#P  |d TXA  |d UtOrBLW 
043 |a e-sp--- 
049 |a TXAM 
050 0 0 |a PQ7082.D7  |b L373 2005 
082 0 0 |a 862/.609/03  |a B  |2 22 
090 |a PN451  |b .D53 v.305 
245 0 0 |a Latin American dramatists.  |n First series /  |c edited by Adam Versényi. 
264 1 |a Detroit :  |b Thomson Gale,  |c [2005] 
264 4 |c ©2005 
300 |a xx, 464 pages :  |b illustrations ;  |c 29 cm. 
336 |a text  |b txt  |2 rdacontent 
337 |a unmediated  |b n  |2 rdamedia 
338 |a volume  |b nc  |2 rdacarrier 
490 1 |a Dictionary of literary biography ;  |v v. 305 
500 |a "A Bruccoli Clark Layman book." 
504 |a Includes bibliographical references (pages 371-374) and index. 
650 0 |a Spanish American drama  |y 20th century  |v Bio-bibliography  |v Dictionaries. 
650 0 |a Spanish American drama  |y 20th century  |x History and criticism  |v Dictionaries. 
650 0 |a Dramatists, Spanish American  |y 20th century  |v Biography  |v Dictionaries. 
700 1 |a Versényi, Adam. 
830 0 |a Dictionary of literary biography ;  |v v. 305. 
856 4 1 |u http://proxy.library.tamu.edu/login?url=http://galenet.galegroup.com/servlet/GLA?dd=0&locID=txshracd2898&srchtp=a&sSte=10&c=91&typ=All&sDocNum=BK1560425005&docNum=BK1560429999&vrsn=1.0&l0=2005&srs=dlb&af=RN&ste=25&stp=SeriesTitle&d4=0.25&dc=tiPG&n=30&tiPG=0  |z Connect to the online version of this resource  |t 0 
856 4 1 |3 Table of contents  |u http://www.loc.gov/catdir/toc/ecip0421/2004017988.html  |t 0 
994 |a C0  |b TXA 
948 |a cataloged  |b h  |c 2004/12/17  |d c  |e blrosas  |f 10:55:18 am 
999 |a MARS 
999 f f |s 8b3856b7-f5ce-332c-9d64-aa08d9f33613  |i 3acc7104-f1eb-3273-ba86-a5145a236b97  |t 0 
952 f f |p storage  |a Texas A&M University  |b J.J. Pickle Campus  |c High Density Repository  |d Remote Storage  |t 0  |e PN451 .D53 v.305  |h Library of Congress classification  |i unmediated -- volume  |m A14831696310 
998 f f |a PN451 .D53 v.305  |t 0  |l Remote Storage